00834nam a22001457a 4500008004100000082001900041245027700060260002300337300000900360942001200369999001300381952009800394952009800492952009800590230605b xxu||||| |||| 00| 0 eng d a328.6762bEALA aEALAbRsource-based conflict in east africa:A case study of the kagera;karamoja and lake victoria border regionscReport on a preliminary study by the committees of regional affairs and conflicts resolution, and of agriculture ,tourism and natural resources hoctober 2003 aArushabEALAc2006 a140p 2ddccBK c296d296 00102ddc4070a001b001d2023-06-05l0o328.6762 EALAp10015689r2023-06-05w2023-06-05yBK 00102ddc4070a001b001d2023-06-05l0o328.6762 EALAp10015687r2023-06-05w2023-06-05yBK 00102ddc4070a001b001d2023-06-05l0o328.6762 EALAp10015688r2023-06-05w2023-06-05yBK